Zákon o vlastnictví bytů

Zákon č. 72/1994 Zb., ktorým sa upravujú niektoré spoluvlastnícke vzťahy k budovám a niektoré vzťahy k bytom a nebytovým priestorom a doplňujú niektoré zákony. Vysvetlivky.

Gespeichert in:
Bibliographische Detailangaben
1. Verfasser: Nesnídal, Jiří
Format: Buchkapitel
Sprache:Tschechisch
Schlagworte:
Tags: Tag hinzufügen
Keine Tags, Fügen Sie das erste Tag hinzu!

MARC

LEADER 00000naa a2200000 4500
001 r015562
005 20221213082143.1
041 0 |a cze 
044 |a CZ 
245 1 0 |a Zákon o vlastnictví bytů  |c Jiří Nesnídal 
520 |a Zákon č. 72/1994 Zb., ktorým sa upravujú niektoré spoluvlastnícke vzťahy k budovám a niektoré vzťahy k bytom a nebytovým priestorom a doplňujú niektoré zákony. Vysvetlivky. 
610 2 0 |a byty 
610 2 0 |a priestory nebytové 
610 2 0 |a zákony 
610 2 0 |a 1994 
100 1 |a Nesnídal, Jiří